Normal view
MARC view
Entry Topical Term
001 - CONTROL NUMBER
- control field: 8708
003 - CONTROL NUMBER IDENTIFIER
- control field: OSt
005 - DATE AND TIME OF LATEST TRANSACTION
- control field: 20211105133024.0
008 - FIXED-LENGTH DATA ELEMENTS
- fixed length control field: 211105|| aca||aabn | a|a d
040 ## - CATALOGING SOURCE
- Original cataloging agency: OSt
- Transcribing agency: OSt
150 ## - HEADING--TOPICAL TERM
- Topical term or geographic name entry element: Magnetospheres
670 ## - SOURCE DATA FOUND
- Source citation: Work cat.: (OSt): Neil Brice Memorial Symposium Tracati (?) 1974 May 28-June 1 8707, The Magnetospheres of the earth and jupiter, 1975